1674 1855 1897 1656 1863 1811 1305 1284 1223 1630 1523 1386 1372 1314 1509 1914 1173 1496 1139 1111 1997 1563 1218 1346 1750 1435 1345 1764 1950 1477 1879 1641 1158 1121 1289 1301 1155 1588 1711 1816 1909 1734 1072 1972 1575 1481 1840 1506 1259 1297 1860 1835 1462 1388 1355 1634 1455 1518 1865 1550 1939 1895 1152 1777 1027 1961 1671 1901 1217 1305 1493 1836 1307 1475 1844 1612 1054 1560 1907 1619 1410 1820 1375 1213 1010 1163 1458 1451 1353 1938 1951 1979 1056 1212 1875 1897 1411 1365 1437 BCNSPRNW ULIB Ver.6.0+V

เปลี่ยนเป็นภาษาไทย

Change to English
 แสดงรายละเอียดบรรณานุกรม
  กลับหน้าหลัก

Brief Record : Get Marc (ISO 2709) : E-mail record : QR code < ปิดหน้าต่าง
LEADER : 00000nam a2200000 a 4500
001    13399128091
003     ULIB
008    210223s2564 th a b 001 0 tha d
020    ^a9786165771634
040    ^abpy
060 04 ^aWT101^bส783ค
100 0  ^aสุธรรม นันทมงคลชัย
245 10 ^aครอบครัวกับการส่งเสริมสุขภาพผู้สูงอายุ /^cสุธรรม นันทมงคลชัย
250    ^aพิมพ์ครั้งที่ 1
260    ^aกรุงเทพฯ :^bคณะสาธารณสุขศาสตร์ มหาวิทยาลัยมหิดล,^c2564
300    ^a[9], 228 หน้า :^bภาพประกอบ ;^c26 ซม.
504    ^aมีบรรณานุกรมและดัชนี
505 0  ^aแนวคิดเกี่ยวกับครอบครัว -- แนวคิดและทฤษฎฎีที่เกี่ยวข้องกับความสูงอายุ --สถานการณ์ แนวโน้มการเปลี่ยนแปลงและลักษณะของผู้สูงอายุไทย --ครอบครัวกับการส่งเสริมความรู้สึกมีคุณค่าในตนเองของผู้สูงอายุ --ครอบครัวกับการส่งเสริมความสุขในผู้สูงอายุ --ครอบครัวกับการส่งเสริมคุณภาพชีวิตผู้สูงอายุ --ครอบครัวกับแรงสนับสนุนทางสังคมในผู้สูงอายุ --ครอบครัวกับการส่งเสริมสุขภาพจิตผู้สูงอายุ --ครอบครัวกับการดูแลผู้สูงอายุที่มีภาวะสมองเสื่อม --ครอบครัวกับการป้องกันการหกล้มในผู้สูงอายุ --บทบาทครอบคัวในการดูแลผู้สูงอายุกลุ่มติดบ้าน ติดเตียง --การเตรียมตัวของครอบครัวในการดูแลผู้สูงอายุระยะยาว
650  4 ^aผู้สูงอายุ^xการดูแลและสุขวิทยา
650  4 ^aการส่งเสริมสุขภาพ^xในวัยชรา
650  4 ^aบริการสุขภาพ
650  4 ^aครอบครัว
650  4 ^aอนามัยครอบครัว
710 2  ^aมหาวิทยาลัยมหิดล.^bคณะสาธารณสุขศาสตร์.^bภาควิชาอนามัยครอบครัว
910    ^aSend to UC
945    ^p200^l0^i29316
945    ^p200^l0^i29317
945    ^p200^l0^i29318
945    ^p200^l0^i29319
945    ^p200^l0^i29320
995    ^aกัณชพร จุลอักษร
999    ^aกัณชพร
รายการนี้ยังไม่มีแท็ก
คุณยังไม่ได้ล็อกอิน คุณสามารถมีกิจกรรมร่วมกับเว็บไซต์ได้ แต่ต้องล็อกอินก่อน ::
  ล็อกอิน

รายการสื่อสารสนเทศ

ลำดับที่ ประเภท เลขเรียก/บาร์โค้ด สถานที่ สถานะ
1. หนังสือสำรอง
หนังสือสำรอง
WT101 ส783ค ฉ.1 
  Barcode: 29316
ห้องสมุดวิทยาเขตนครสวรรค์
►หนังสือทั่วไป:l:General Books
บนชั้น
2. วิทยาศาสตร์การแพทย์ และสุขภาพ
วิทยาศาสตร์การแพทย์ และสุขภาพ
WT101 ส783ค ฉ.2 
  Barcode: 29317
ห้องสมุดวิทยาเขตนครสวรรค์
►หนังสือทั่วไป:l:General Books
บนชั้น
3. วิทยาศาสตร์การแพทย์ และสุขภาพ
วิทยาศาสตร์การแพทย์ และสุขภาพ
WT101 ส783ค ฉ.3 
  Barcode: 29318
ห้องสมุดวิทยาเขตนครสวรรค์
►หนังสือทั่วไป:l:General Books
บนชั้น
4. วิทยาศาสตร์การแพทย์ และสุขภาพ
วิทยาศาสตร์การแพทย์ และสุขภาพ
WT101 ส783ค ฉ.4 
  Barcode: 29319
ห้องสมุดวิทยาเขตนครสวรรค์
►หนังสือทั่วไป:l:General Books
บนชั้น
5. วิทยาศาสตร์การแพทย์ และสุขภาพ
วิทยาศาสตร์การแพทย์ และสุขภาพ
WT101 ส783ค ฉ.5 
  Barcode: 29320
ห้องสมุดวิทยาเขตนครสวรรค์
►หนังสือทั่วไป:l:General Books
บนชั้น

รายการใกล้เคียง
    ผู้แต่ง [สุธรรม นันทมงคลชัย]

    หัวเรื่อง [บริการสุขภาพ]
    หัวเรื่อง [ครอบครัว]
    หัวเรื่อง [อนามัยครอบครัว]

BibComment


ยังไม่เคยถูกคอมเมนท์

คอมเมนท์ทรัพยากรรายการนี้
  คอมเมนท์: ครอบครัวกับการส่..


 Copyright 2026. Bcnsprnw @Library